[Event "LIBEREC OPEN 2020"]
[Site "Clarion Grandhotel Zlaty Lev, "]
[Date "2020.02.28"]
[Round "8"]
[White "Bindrich, Oswald"]
[Black "Lye, Sverre"]
[Result "1-0"]
[WhiteElo "2131"]
[BlackElo "1777"]
[PlyCount "71"]
[EventDate "2020.02.22"]

1. e4 c5 2. Nf3 Nc6 3. d4 cxd4 4. Nxd4 e5 5. Nb5 a6 6. Nd6+ Bxd6 7. Qxd6 Qf6 8.
Qc7 Nge7 9. Nc3 Nb4 10. Bd3 d5 11. O-O d4 12. Na4 Qc6 13. Qxc6+ Nexc6 14. Nb6
Rb8 15. f4 f6 16. b3 Be6 17. Rf2 Kd8 18. Bc4 Bxc4 19. bxc4 a5 20. a3 Na6 21.
fxe5 Nxe5 22. Bf4 Re8 23. Rd2 Kc7 24. Nd5+ Kc6 25. Rxd4 Rbc8 26. Rad1 Nc5 27.
Nc3 Re6 28. Nb5 Kb6 29. Nd6 Rd8 30. Rd5 Ned7 31. Be3 Rf8 32. Nb5 Rc8 33. Rxd7
Rxe4 34. Bxc5+ Rxc5 35. Nd6 Re6 36. Rxg7 1-0

[Event "LIBEREC OPEN 2020"]
[Site "Clarion Grandhotel Zlaty Lev, "]
[Date "2020.02.28"]
[Round "8"]
[White "Mazurek, Bartosz"]
[Black "Meszaros, Ludek"]
[Result "0-1"]
[WhiteElo "1908"]
[BlackElo "2096"]
[PlyCount "118"]
[EventDate "2020.02.22"]

1. d4 Nf6 2. Nf3 g6 3. c4 Bg7 4. Nc3 O-O 5. e4 d6 6. Be2 Nbd7 7. Qc2 e5 8. d5
a5 9. O-O Nc5 10. Be3 Ng4 11. Bxc5 dxc5 12. Nd2 Nh6 13. a3 f5 14. f3 Nf7 15.
Nd1 Nd6 16. Qd3 Bd7 17. a4 Bh6 18. Nc3 Qg5 19. Rad1 Rf7 20. f4 Qe7 21. fxe5
Qxe5 22. Nf3 fxe4 23. Nxe5 exd3 24. Bxd3 Rxf1+ 25. Rxf1 Be3+ 26. Kh1 Bf5 27.
Bxf5 Nxf5 28. Nb5 Rf8 29. Rd1 Re8 30. Ng4 Rc8 31. Re1 Bg5 32. g3 h5 33. Ne5 Kg7
34. Nf3 Bf6 35. b3 g5 36. Re6 g4 37. Nd2 Nd4 38. Nxd4 Bxd4 39. Kg2 Rf8 40. Ne4
Rf7 41. h3 Kf8 42. hxg4 hxg4 43. Rg6 Rf3 44. Rxg4 Rxb3 45. d6 cxd6 46. Nxd6 b6
47. Re4 Rb4 48. Re8+ Kg7 49. Rb8 Be5 50. Rb7+ Kg6 51. Nc8 Rxc4 52. Rxb6+ Kg5
53. Rb5 Kg4 54. Nb6 Rc2+ 55. Kf1 Bxg3 56. Nd5 Rf2+ 57. Kg1 Rd2 58. Ne3+ Kf3 59.
Rb3 Bf2+ 0-1

[Event "LIBEREC OPEN 2020"]
[Site "Clarion Grandhotel Zlaty Lev, "]
[Date "2020.02.28"]
[Round "8"]
[White "Dambrauskas, Virginijus"]
[Black "Lye, Sigurd"]
[Result "1-0"]
[WhiteElo "2245"]
[BlackElo "1738"]
[PlyCount "185"]
[EventDate "2020.02.22"]

1. d4 Nf6 2. c4 e6 3. Nf3 Bb4+ 4. Bd2 Bxd2+ 5. Qxd2 d5 6. Nc3 Nbd7 7. cxd5 Nxd5
8. e4 Nxc3 9. Qxc3 O-O 10. Rc1 c6 11. Bd3 Qe7 12. O-O Re8 13. e5 f5 14. exf6
gxf6 15. Rfe1 Nb6 16. Re4 f5 17. Re2 Nd5 18. Qd2 Qf6 19. Ne5 Re7 20. Rce1 Rg7
21. Bc4 Nc7 22. f4 a5 23. a3 Ne8 24. Nf3 Nc7 25. Ng5 Re7 26. Qe3 h6 27. Nf3 Bd7
28. Qe5 Qxe5 29. Rxe5 b5 30. Ba2 Rf7 31. R5e3 Re7 32. Ne5 Be8 33. Rc1 b4 34.
Rg3+ Kh7 35. axb4 axb4 36. Bc4 Rd8 37. Rd3 Nd5 38. Bxd5 Rxd5 39. Rc2 Rc7 40.
Rc4 c5 41. Rxc5 Rdxc5 42. dxc5 Rxc5 43. Rb3 Rb5 44. Kf2 Kg7 45. Ke3 Kf6 46. Nd3
Bc6 47. Rxb4 Rxb4 48. Nxb4 Bxg2 49. Nd3 Ke7 50. Kd4 Kd6 51. Ne5 h5 52. h4 Bd5
53. Nd3 Bb3 54. Nc1 Bd5 55. Ne2 Bf3 56. Ng3 Bg4 57. b4 Bf3 58. Nf1 Be2 59. Ne3
Bb5 60. Nc2 Bc6 61. Na3 Bd5 62. Nb5+ Kc6 63. Nc3 Bf3 64. Ke5 Kd7 65. Nb5 Bd5
66. Nd4 Bc4 67. b5 Ba2 68. b6 Bd5 69. Nxf5 Ba2 70. Nd4 Bc4 71. Nxe6 Bxe6 72. b7
Kc7 73. Kxe6 Kxb7 74. f5 Kb6 75. f6 Kb5 76. f7 Kc4 77. f8=R Kd4 78. Rf4+ Ke3
79. Ke5 Kd3 80. Rf5 Ke3 81. Rxh5 Kf3 82. Rg5 Ke3 83. Rg3+ Kf2 84. Kf4 Ke2 85.
Rh3 Kd2 86. Ke4 Kc2 87. Kd4 Kb2 88. Kc4 Kc2 89. Rh2+ Kc1 90. h5 Kd1 91. h6 Kc1
92. h7 Kd1 93. h8=Q 1-0

[Event "LIBEREC OPEN 2020"]
[Site "Clarion Grandhotel Zlaty Lev, "]
[Date "2020.02.28"]
[Round "8"]
[White "Muller, David"]
[Black "Peniska, Pavel"]
[Result "1-0"]
[WhiteElo "1590"]
[BlackElo "1868"]
[PlyCount "63"]
[EventDate "2020.02.22"]

1. e4 c5 2. Nc3 Nc6 3. f4 g6 4. Nf3 Bg7 5. Bb5 Nd4 6. O-O Nxb5 7. Nxb5 Nf6 8.
d3 O-O 9. Qe1 d6 10. Nh4 Bd7 11. Nc3 Bc6 12. Qg3 b5 13. Qf2 b4 14. Ne2 Nd7 15.
Nf3 a5 16. f5 a4 17. Rb1 Rc8 18. Qh4 d5 19. Ng5 h6 20. fxg6 fxg6 21. Ne6 Rxf1+
22. Kxf1 g5 23. Bxg5 hxg5 24. Qxg5 Qf8+ 25. Nxf8 Rxf8+ 26. Kg1 dxe4 27. Qxe7
Ne5 28. Qxc5 exd3 29. cxd3 Rd8 30. d4 Be4 31. Rd1 Bc2 32. Qxc2 1-0

[Event "LIBEREC OPEN 2020"]
[Site "Clarion Grandhotel Zlaty Lev, "]
[Date "2020.02.29"]
[Round "9"]
[White "Priasmoro, Novendra"]
[Black "Sernecki, Franciszek"]
[Result "1/2-1/2"]
[WhiteElo "2493"]
[BlackElo "2218"]
[PlyCount "124"]
[EventDate "2020.02.22"]

1. e4 c5 2. Nf3 Nc6 3. Bb5 g6 4. O-O Bg7 5. c3 Nf6 6. Re1 O-O 7. h3 e5 8. d3 d6
9. Nbd2 Bd7 10. Nf1 a6 11. Ba4 b5 12. Bc2 d5 13. Bg5 d4 14. cxd4 cxd4 15. Qd2
Qb6 16. Bb3 Rfe8 17. Rac1 Rac8 18. Bh6 Na5 19. Qg5 Nxb3 20. axb3 Qd6 21. Ng3
Bxh6 22. Qxh6 Be6 23. Ng5 Bxb3 24. Rxc8 Rxc8 25. f4 exf4 26. Nh5 gxh5 27. e5
Qe7 28. Re2 Qf8 29. Qxf6 Qg7 30. Qxf4 Bd5 31. Kh2 h6 32. Qxd4 Qxg5 33. Qxd5
Qf4+ 34. g3 Qf1 35. Qg2 Rc1 36. b4 Qxg2+ 37. Kxg2 Rd1 38. Re3 Kf8 39. Kf3 Ke7
40. Ke2 Rh1 41. h4 Ra1 42. Rf3 Rb1 43. Rf4 Ke6 44. d4 Rb2+ 45. Ke3 Rb3+ 46. Ke4
Rxb4 47. Rf6+ Ke7 48. Rxa6 Rb3 49. Ra7+ Ke8 50. d5 Rxg3 51. d6 b4 52. Re7+ Kf8
53. Rb7 Ke8 54. Rb8+ Kd7 55. Rf8 Rg7 56. Kf3 b3 57. Rb8 b2 58. Rxb2 Ke6 59. Rb8
f6 60. Re8+ Kd7 61. Ra8 Ke6 62. Re8+ Kd7 1/2-1/2

[Event "LIBEREC OPEN 2020"]
[Site "Clarion Grandhotel Zlaty Lev, "]
[Date "2020.02.29"]
[Round "9"]
[White "Akash, G."]
[Black "Kucera, Petr"]
[Result "1-0"]
[WhiteElo "2449"]
[BlackElo "2203"]
[PlyCount "49"]
[EventDate "2020.02.22"]

1. e4 c6 2. d4 d5 3. e5 c5 4. dxc5 Nc6 5. Bb5 e6 6. Be3 Qc7 7. Nf3 Nge7 8. c3
Bd7 9. Bd4 Ng6 10. Bxc6 Qxc6 11. b4 Qa6 12. Qc1 Be7 13. Qe3 f6 14. Nbd2 Ba4 15.
c4 dxc4 16. O-O f5 17. Rfc1 O-O 18. Nxc4 Qc6 19. Nd6 Bd8 20. Bb2 Ne7 21. b5 Qd7
22. Nd4 a6 23. Qf3 axb5 24. Nxb7 b4 25. c6 1-0

[Event "LIBEREC OPEN 2020"]
[Site "Clarion Grandhotel Zlaty Lev, "]
[Date "2020.02.29"]
[Round "9"]
[White "Valenta, Vit"]
[Black "Kulon, Klaudia"]
[Result "0-1"]
[WhiteElo "2060"]
[BlackElo "2335"]
[PlyCount "76"]
[EventDate "2020.02.22"]

1. b4 e5 2. Bb2 d6 3. g3 g6 4. Bg2 Bg7 5. Nf3 Ne7 6. e4 f5 7. d3 O-O 8. O-O a5
9. b5 a4 10. c4 fxe4 11. dxe4 Nd7 12. Ba3 Nc5 13. Nc3 b6 14. Qc2 Bg4 15. Nd2
Ne6 16. f3 Nd4 17. Qd1 Be6 18. Nxa4 Bh6 19. f4 exf4 20. Bb2 Bg7 21. gxf4 Rxa4
22. Qxa4 Ne2+ 23. Kf2 Bxb2 24. Kxe2 Bxa1 25. Rxa1 Rxf4 26. Qb3 g5 27. Bh3 g4
28. Rg1 Ng6 29. Bf1 Qf6 30. Qe3 Qb2 31. Qb3 Qd4 32. Rg2 Rxe4+ 33. Kd1 Re3 34.
Qb1 Nh4 35. Re2 Nf3 36. Qc1 Rxe2 37. Bxe2 Nxh2 38. Qa3 Bf5 0-1

[Event "LIBEREC OPEN 2020"]
[Site "Clarion Grandhotel Zlaty Lev, "]
[Date "2020.02.29"]
[Round "9"]
[White "Arfan, Aditya Bagus"]
[Black "Korosciel, Aneta"]
[Result "1-0"]
[WhiteElo "2285"]
[BlackElo "1968"]
[PlyCount "71"]
[EventDate "2020.02.22"]

1. e4 d6 2. d4 Nf6 3. Nc3 c6 4. f4 Qa5 5. Bd3 e5 6. Nf3 exd4 7. Nxd4 g6 8. Nb3
Qc7 9. O-O Bg7 10. a4 O-O 11. a5 Nbd7 12. Be3 Re8 13. Qf3 Nf8 14. h3 Be6 15.
Qf2 a6 16. Bb6 Qe7 17. Rae1 N8d7 18. Be3 Bxb3 19. cxb3 Nc5 20. Bxc5 dxc5 21.
Kh1 Rad8 22. Bc4 Rd4 23. e5 Nd5 24. Bxd5 cxd5 25. b4 Rd8 26. bxc5 Qxc5 27. f5
gxf5 28. Qxf5 Qe7 29. e6 f6 30. Rd1 Rxd1 31. Rxd1 Rd6 32. Re1 d4 33. Nd5 Qe8
34. Nxf6+ Bxf6 35. Qxf6 Rd5 36. Re4 1-0

[Event "LIBEREC OPEN 2020"]
[Site "Clarion Grandhotel Zlaty Lev, "]
[Date "2020.02.29"]
[Round "9"]
[White "Cakl, Zdenek"]
[Black "Bindrich, Oswald"]
[Result "0-1"]
[WhiteElo "2066"]
[BlackElo "2131"]
[PlyCount "88"]
[EventDate "2020.02.22"]

1. Nf3 Nf6 2. b3 g6 3. Bb2 Bg7 4. g3 c5 5. c4 b6 6. Bg2 Bb7 7. O-O O-O 8. Nc3
d6 9. d4 cxd4 10. Qxd4 Ne4 11. Qe3 Nxc3 12. Bxc3 Bxc3 13. Qxc3 Nd7 14. Rfd1 Rc8
15. Rac1 Rc5 16. Qe3 Nf6 17. b4 Rc7 18. c5 bxc5 19. bxc5 d5 20. Nd4 Bc6 21. Qb3
e6 22. e4 Qe7 23. Nxc6 Rxc6 24. exd5 exd5 25. Bxd5 Rxc5 26. Bf3 Rfc8 27. Rxc5
Rxc5 28. Qb8+ Kg7 29. Qb4 Qc7 30. Qd4 Rc3 31. Kg2 Rc2 32. Rb1 Qc5 33. Qxc5 Rxc5
34. Rb7 Ra5 35. Be2 Ne4 36. Re7 Nd2 37. Rc7 Rxa2 38. Bb5 Ne4 39. Rxf7+ Kxf7 40.
Bc4+ Kf6 41. Bxa2 Nc3 42. Bg8 Kg7 43. Bc4 a5 44. h4 a4 0-1

[Event "LIBEREC OPEN 2020"]
[Site "Clarion Grandhotel Zlaty Lev, "]
[Date "2020.02.29"]
[Round "9"]
[White "Meszaros, Ludek"]
[Black "Paldus, Petr"]
[Result "0-1"]
[WhiteElo "2096"]
[BlackElo "2009"]
[PlyCount "70"]
[EventDate "2020.02.22"]

1. d4 d5 2. Nf3 f5 3. Bf4 Nf6 4. e3 e6 5. c4 c6 6. Nc3 Ne4 7. Qc2 Be7 8. Bd3
O-O 9. O-O-O Qa5 10. Bxe4 fxe4 11. Nd2 b5 12. Nb3 Qb6 13. c5 Qd8 14. f3 exf3
15. gxf3 Bg5 16. Bxg5 Qxg5 17. f4 Qf5 18. Qf2 a5 19. Ne2 a4 20. Ng3 Qf7 21. Nd2
e5 22. dxe5 Nd7 23. Nf3 Nxc5 24. Qc2 Ne4 25. Nxe4 dxe4 26. Nd4 Qxa2 27. Qxe4 a3
28. Rd2 Qc4+ 29. Rc2 axb2+ 30. Kd2 Qb4+ 31. Rc3 Ra3 32. Qxc6 Rxc3 33. Qxc3 b1=Q
34. Rxb1 Qxb1 35. e6 Bxe6 0-1

[Event "LIBEREC OPEN 2020"]
[Site "Clarion Grandhotel Zlaty Lev, "]
[Date "2020.02.29"]
[Round "9"]
[White "Nehyba, Martin"]
[Black "Muller, David"]
[Result "1-0"]
[WhiteElo "2170"]
[BlackElo "1590"]
[PlyCount "29"]
[EventDate "2020.02.22"]

1. e4 e6 2. d4 d5 3. Nc3 Bb4 4. e5 c5 5. a3 Bxc3+ 6. bxc3 Ne7 7. Qg4 O-O 8. Bd3
c4 9. Bh6 Ng6 10. Bxg6 hxg6 11. Bd2 Nc6 12. h4 f6 13. h5 fxe5 14. hxg6 Qf6 15.
Rh8+ 1-0

[Event "LIBEREC OPEN 2020"]
[Site "Clarion Grandhotel Zlaty Lev, "]
[Date "2020.02.29"]
[Round "9"]
[White "Kucera, Jaroslav"]
[Black "Habenicht, Martin"]
[Result "1-0"]
[WhiteElo "1898"]
[BlackElo "1966"]
[PlyCount "79"]
[EventDate "2020.02.22"]

1. e4 d5 2. exd5 Nf6 3. Nc3 Nxd5 4. Bc4 Be6 5. Qf3 c6 6. Nge2 Qd7 7. O-O g6 8.
Nxd5 Bxd5 9. Bxd5 Qxd5 10. Qc3 e5 11. Re1 Bg7 12. Nf4 Qd6 13. d4 Nd7 14. dxe5
Qc5 15. Qxc5 Nxc5 16. Be3 Ne6 17. Nxe6 fxe6 18. Bc5 Kf7 19. Rad1 Rhd8 20. f4
Rd5 21. Rxd5 cxd5 22. Re2 b6 23. Bd4 Rc8 24. b3 Ke7 25. Kf2 Kd7 26. Ke3 Bf8 27.
Kd3 b5 28. Re3 Ke8 29. g4 Rc7 30. Rf3 Rf7 31. Ke2 Rc7 32. Rc3 Rxc3 33. Bxc3 Bc5
34. Kd3 Bg1 35. h3 Bh2 36. Ke3 Bg1+ 37. Kf3 Kf7 38. Be1 a6 39. Bf2 Bh2 40. g5
1-0

[Event "LIBEREC OPEN 2020"]
[Site "Clarion Grandhotel Zlaty Lev, "]
[Date "2020.02.29"]
[Round "9"]
[White "Korniichuk, Oleksandra"]
[Black "Dalecky, Bretislav"]
[Result "1-0"]
[WhiteElo "1675"]
[BlackElo "2060"]
[PlyCount "24"]
[EventDate "2020.02.22"]

1. e4 c5 2. Nf3 e6 3. d4 cxd4 4. Nxd4 Nf6 5. Nc3 Nc6 6. Be2 a6 7. O-O Qc7 8.
Be3 b5 9. a3 Bb7 10. f4 Bc5 11. Bf3 Nxd4 12. Bxd4 Qxf4 1-0